| 000 | 01373nam a2200349 c 4500 | ||
|---|---|---|---|
| 003 | BLK | ||
| 005 | 20180422111201.0 | ||
| 008 | 180409b bul|||||r ||||||| ||bul|| | ||
| 010 | _aKNG00132087000 | ||
| 040 | _aBLK | ||
| 041 |
_aBUL _cBUL |
||
| 080 |
_aГеография на Азия _b913(5) _x(0:82-9) _z913(5)(0:82-9) |
||
| 080 |
_aБългарска литература _b821.163.2 _x-992 _z821.163.2-992 |
||
| 100 | 1 |
_aБолгар, Боян _eпърви автор _gХристов, Боян Димитров _9318803 |
|
| 700 | 1 |
_aХристов, Боян Димитров _e* _9377645 |
|
| 139 |
_aБолгар, Боян _bБ 61 |
||
| 245 | 1 | 0 |
_aПътуване до Япония _cБоян Болгар; * Боян Димитров Христов. |
| 257 | _aBGR | ||
| 260 |
_аВарна _bДърж. изд. _c1960 |
||
| 300 |
_a148 с., 12 л. _bил. _c18 см |
||
| 380 | _a91 | ||
| 500 | _aИстинското име на авт. е Боян Димитров Христов. - 3 080 тир. | ||
| 650 | 4 |
_aЯпония - пътеписи _9254294 |
|
| 651 | 4 |
_aЯпония _9179845 |
|
| 653 | _aпътеписи | ||
| 653 | _aЯпония | ||
| 852 | _aЦб І 3825 | ||
| 856 | 4 |
_qpdf _u |
|
| 856 | 4 |
_qpdf _u |
|
| 942 |
_cKNG _n0 |
||
| 944 |
_aCR _c13.07.2012 _l13.07.2012 - от С1,Р / 13.07.2012 _kДиана_Димитрова |
||
| 944 |
_aED _c13.07.2012 _l13.07.2012 - от С1,Р / 13.07.2012 _k |
||
| 999 |
_c126402 _d126402 |
||